| 000 | 00000nam##2200000za#4500 |
| 001 | 9.614348 |
| 003 | CaOODSP |
| 005 | 20200706133910 |
| 007 | ta |
| 008 | 150406|1998||||xxc||||| f|0| 0 eng|d |
| 020 | |a0-660-17473-1 |
| 022 | |a1200-5223 |
| 040 | |aCaOODSP|beng |
| 043 | |an-cn--- |
| 086 | 1 |aCS11-0019/98E |
| 245 | 04|aThe effect of technology and trade on wage differentials between nonproduction and production workers in Canadian manufacturing / |cby John R. Baldwin and Mohammed Rafiquzzaman. |
| 260 | |aOttawa - Ontario : |bStatistics Canada. |c1998. |
| 300 | |a42p. : |bgraphs, references, tables ; |c28 cm. |
| 490 | 1 |aResearch paper series|x1200-5223|vNo. 98 |
| 563 | |aSoftcover |
| 590 | |a98-23|b1998-06-05 |
| 710 | 2 |aStatistics Canada. |bAnalytical Studies Branch. |
| 720 | 1 |aBaldwin, John R. |
| 720 | 1 |aRafiquzzaman, Mohammed |
| 775 | 08|tL'incidence de la technologie et du commerce sur les écarts salariaux entre les travailleurs de la production et la main-d'oeuvre indirecte dans le secteur manufacturier canadien / |w(CaOODSP)9.624705 |
| 776 | 0#|tThe effect of technology and trade on wage differentials between nonproduction and production workers in Canadian manufacturing / |w(CaOODSP)9.574596 |
| 830 | #0|aResearch paper series,|x1200-5223|vNo. 98|w(CaOODSP)9.514463 |